• 首页
  • 本馆介绍
  • 公告通知
  • 最新文献
  • 馆藏检索
  • 电子资源
  • 读者导购
  • 参考咨询
  • 我的图书馆
  • 登录
  • 详细信息显示
  • 放入我的书架
  • 预约/预借图书
  • 作者相关作品
  • 分类相关作品
  • 丛书相关作品
  • 出版社相关作品

书目信息

  • 表格格式
  • 工作单格式
  • 卡片格式
题名:
明朝那些事儿
    
 
作者: 当年明月 著
分册: 第1部   洪武大帝
出版信息: 北京   中国友谊出版公司  2009
页数: 297页
开本: 24cm
丛书名:
单 册:
中图分类: K248.09
科图分类:
主题词:
电子资源:
ISBN: 978-7-5057-2246-0
000 00901nam0 2200253 45
001 1133505828
005 20110413090833.09
010    @a978-7-5057-2246-0@dCNY28.80
100    @a20110407e2009 ekmy0chiy0120 ea
101 0  @achi
102    @aCN@b110000
105    @ay z 000yd
106    @ar
200 1  @a明朝那些事儿@AMing Chao Na Xie Shi Er@h第1部@HDi 1 Bu@i洪武大帝@IHong Wu Da Di@f当年明月著@FDang Nian Ming Yue Zhu
210    @a北京@c中国友谊出版公司@d2009
215    @a297页@d24cm
330    @a本书以史料为基础,以年代和具体人物为主线,并加入了小说的笔法和对人物的心理分析,以及对当时政治经济制度的一些评价。本册以朱元璋中心,兼及朱棣等人。
517 1  @a洪武大帝@AHong Wu Da Di
607    @a中国@z古代@z明代@j通俗读物
607    @a中国
690    @aK248.09@v4
701  0 @a当年明月@ADang Nian Ming Yue@4著
801  0 @aCN@bTANGWEI@c20110413
905    @b0533885-89@dK248.09@e81:1@f5
    
    明朝那些事儿.第1部.洪武大帝/当年明月著.-北京:中国友谊出版公司,2009
    297页;24cm
    
    
    ISBN 978-7-5057-2246-0:CNY28.80
    本书以史料为基础,以年代和具体人物为主线,并加入了小说的笔法和对人物的心理分析,以及对当时政治经济制度的一些评价。本册以朱元璋中心,兼及朱棣等人。
●
相关链接 在E读中查询图书 在五车中查询图书 在当当中查询图书 在豆瓣中查询图书


正题名:明朝那些事儿     索取号:K248.09/81:1         预约/预借

序号 登录号 条形码 馆藏地/架位号 状态 备注
1 0533885   205338856   第二样本阅览室/ [索取号:K248.09/81:1] 在馆    
2 0533886   205338865   第二借阅区/ [索取号:K248.09/81:1] 已借出,限还日期为2026.06.10
借出人:张琳璐  
 
3 0533887   205338874   第二借阅区/ [索取号:K248.09/81:1] 已借出,限还日期为2026.03.27
借出人:吴天孜  
 
4 0533888   205338883   第二借阅区/ [索取号:K248.09/81:1] 已借出,限还日期为2028.10.03
借出人:田 园  
 
5 0533889   205338892   第二借阅区/ [索取号:K248.09/81:1] 已借出,限还日期为2026.05.25
借出人:刘可  
 
唐山师范学院图书馆 欢迎您!
大连网信软件有限公司© 版权所有